Questions and answers on batteries and battery charging/ (Record no. 545498)

000 -LEADER
fixed length control field 00398nam a22001337a 4500
082 ## - DEWEY DECIMAL CLASSIFICATION NUMBER
Classification number 62.312424
Author Mark MOL
-- L-10, P-40
100 ## - MAIN ENTRY--PERSONAL NAME
Personal name Molly, E.
9 (RLIN) 41372
245 ## - TITLE STATEMENT
Title Questions and answers on batteries and battery charging/
Statement of responsibility, etc. E. Molly.
260 ## - PUBLICATION, DISTRIBUTION, ETC.
Place of publication, distribution, etc. London.:
Name of publisher, distributor, etc. George Newnes limitted
Date of publication, distribution, etc. 1947.
300 ## - PHYSICAL DESCRIPTION
Extent vii, 127p.
526 ## - STUDY PROGRAM INFORMATION NOTE
Program name 0
Interest level 0
Reading level 0
Title point value 62_312424000000000_MOL
650 ## - SUBJECT ADDED ENTRY--TOPICAL TERM
Topical term or geographic name entry element MCE
9 (RLIN) 379
942 ## - ADDED ENTRY ELEMENTS (KOHA)
Source of classification or shelving scheme
Koha item type Book
Holdings
Withdrawn status Lost status Source of classification or shelving scheme Damaged status Not for loan Permanent Location Current Location Date acquired Total Checkouts Full call number Barcode Date last seen Price effective from Koha item type
          Military College of Engineering (MCE) Military College of Engineering (MCE) 05/23/2014   62.312424 MOL MCE-29965 05/23/2014 05/23/2014 Book
© 2023 Central Library, National University of Sciences and Technology. All Rights Reserved.